[Event "II Duchamp Open 2018"]
[Site "Rio de Janeiro"]
[Date "2018.11.19"]
[Round "8"]
[White "Perdomo, Leandro"]
[Black "Brito, Luismar"]
[Result "1/2-1/2"]
[WhiteElo "2476"]
[BlackElo "2349"]
[Annotator "TA"]
[PlyCount "47"]
[EventDate "2018.11.14"]
[EventType "swiss"]
[EventCountry "BRA"]
[SourceTitle "playchess.com"]
[Source "ChessBase"]
[SourceQuality "1"]

{[%evp 11,47,0,7,-8,-12,-8,-7,-10,18,-13,-6,-11,5,5,15,5,25,0,0,0,4,0,5,7,7,10,16,10,18,17,65,61,49,16,22,0,7,0]} 1. d4 d5 2. c4 e6 3. Nc3 c6 4. Nf3 Nf6 5. cxd5 exd5 6. Qc2 Bg4 7. Ne5 {D35: Queen's Gambit Declined: Exchange Variation} (7. Bg5 Be7 8. e3 Bxf3 9. gxf3 Nbd7 10. O-O-O Nh5 11. Bxe7 Qxe7 12. Ne2 g6 13. Kb1 Qh4 14. Ng3 Ng7 15. Qb3 Rb8 16. Qa3 {½-½ (42) Turov,M (2600)-Najer,E (2668) Yaroslavl 2018}) 7... Bh5 8. Bg5 Be7 9. e3 Nfd7 10. Bf4 Nxe5 11. Bxe5 O-O 12. Bd3 Bg6 13. Bxg6 hxg6 14. O-O Nd7 15. Bg3 Nf6 $146 ({Predecessor:} 15... Re8 16. Rab1 {1-0 (50) Malesevic,N (2255)-Thorgeirsson,S (2217) Sweden 2013}) 16. f3 Re8 17. Rad1 Bb4 18. Rfe1 Re6 19. e4 {[%cal Be3e4,Be4e5][%mdl 32]} Qe7 20. e5 Nd7 21. Re3 Qg5 22. Qf2 Qf5 23. a3 Ba5 24. Qe2 {Accuracy: White = 53%, Black = 65%.} 1/2-1/2

[Event "II Duchamp Open 2018"]
[Site "Rio de Janeiro"]
[Date "2018.11.19"]
[Round "8"]
[White "Romanishin, Oleg M"]
[Black "Souza Neves, Andrey M."]
[Result "1-0"]
[WhiteElo "2435"]
[BlackElo "2074"]
[Annotator "TA"]
[PlyCount "97"]
[EventDate "2018.11.14"]
[EventType "swiss"]
[EventCountry "BRA"]
[SourceTitle "playchess.com"]
[Source "ChessBase"]
[SourceQuality "1"]

{[%evp 20,97,14,0,37,37,42,40,31,33,37,30,29,22,27,23,29,20,18,20,27,13,20,8,19,0,4,0,0,0,0,0,0,0,0,0,8,8,8,8,47,45,55,46,53,8,128,128,128,135,113,100,124,126,345,349,328,310,672,611,1599,1610,1680,1601,1423,1424,1310,735,5425,5425,5413,5389,29988,29989,29989,29990,29990,29991,29997,29997]} 1. d4 Nf6 2. Nf3 e6 3. g3 c5 4. Bg2 cxd4 5. Nxd4 d5 6. O-O e5 7. Nb3 Be6 8. c4 {D02: 1 d4 d5 2 Nf3 sidelines, including 2...Nf6 3 g3 and 2...Nf6 3 Bf4} (8. Bg5 Nbd7 9. e4 dxe4 10. Bxe4 Qc7 11. Bg2 Be7 12. Nc3 O-O 13. Re1 Rad8 14. Qe2 h6 15. Bxf6 Bxf6 {½-½ (107) Caruana,F (2802)-Nakamura,H (2786) chess.com INT 2017}) 8... Nc6 9. cxd5 Bxd5 10. Nc3 Bxg2 11. Kxg2 {LiveBook: 5 Games} Be7 12. e4 $146 ({Predecessor:} 12. Qxd8+ Rxd8 13. Bg5 Nd5 14. Nxd5 Rxd5 15. e4 Rb5 {½-½ (35) Toma,R (2343)-Jarmula,L (2466) Khanty-Mansiysk 2016}) 12... h6 13. Be3 Qxd1 14. Rfxd1 O-O 15. Rac1 Rfd8 16. Kf3 Rxd1 17. Rxd1 Rd8 18. Nd5 Kf8 19. a3 Ke8 20. h4 h5 21. Rd2 Ng4 22. Nc7+ Kf8 23. Rxd8+ Bxd8 24. Bc5+ Be7 25. Nd5 Bxc5 26. Nxc5 $11 {[%mdl 4096] Endgame KNN-KNN} b6 27. Nb7 Ne7 {White must now prevent ...Nxd5.} 28. Nd6 Nxd5 $1 29. exd5 {KN-KN} Nf6 30. Nc8 Nxd5 31. Ke4 Nf6+ $1 32. Kf5 e4 (32... Ng4 $11 {remains equal.}) 33. Nxa7 $16 Ng4 34. Kxe4 Nxf2+ {[#]} 35. Kf3 $1 {[%cal Rf3f2]} Nd3 36. b4 Ne5+ $2 {[#]} (36... Ke8 $16) 37. Ke4 $1 $18 {[%cal Re4e5]} Nc4 38. a4 {[%cal Ba3a4,Ba4a5,Ba5a6][%mdl 32]} Ke7 $2 (38... Nb2 39. a5 bxa5) 39. Kd5 Nb2 40. Nc8+ Kd7 41. Nxb6+ Kc7 42. a5 Nd1 43. Kd4 Nf2 44. Nd5+ Kb7 45. b5 {[%cal Bb4b5,Bb5b6][%mdl 32]} Nh1 46. a6+ {White mates.} Ka7 47. Kc5 Nf2 48. Nb4 Ng4 49. b6+ {Precision: White = 73%, Black = 43%.} 1-0

[Event "II Duchamp Open 2018"]
[Site "Rio de Janeiro"]
[Date "2018.11.19"]
[Round "8"]
[White "Roselli Mailhe, Bernardo"]
[Black "Von Buelow, Georg"]
[Result "1/2-1/2"]
[WhiteElo "2421"]
[BlackElo "2354"]
[Annotator "TA"]
[PlyCount "60"]
[EventDate "2018.11.14"]
[EventType "swiss"]
[EventCountry "BRA"]
[SourceTitle "playchess.com"]
[Source "ChessBase"]
[SourceQuality "1"]

{[%evp 17,60,-2,-20,-14,-12,-4,-14,-2,0,12,17,13,39,-16,0,0,0,0,0,0,0,0,0,0,0,-26,-18,-20,-17,-37,-5,-41,-50,-60,0,0,0,0,0,0,278,278,278,274,266]} 1. d4 Nf6 2. c4 g6 3. Nc3 d5 4. Bg5 Ne4 5. Bh4 Nxc3 6. bxc3 dxc4 7. e3 Be6 8. Be2 {D80: Grünfeld: Unusual White 4th moves and 4 Bg5} (8. Nf3 Bg7 9. Qb1 Qd5 10. Be2 Bf5 11. Qb4 c5 12. Qb5+ Bd7 13. Qxc4 Bc6 14. Qb3 e6 15. c4 Qd7 16. Ne5 Qc7 17. O-O {½-½ (124) Wei,Y (2743)-Svidler,P (2768) Wijk aan Zee 2018}) 8... Nd7 9. d5 Bf5 {LiveBook: 3 Games} 10. Qd4 {The position is equal.} Rg8 $1 {aiming for ...b5.} 11. Qxc4 Nb6 12. Qb5+ c6 $146 ({Predecessor:} 12... Qd7 13. Nf3 Bg7 14. Nd4 Qxb5 15. Bxb5+ Kf8 16. Nxf5 gxf5 {0-1 (62) Benidze,D (2480)-Savchenko,B (2602) Canakkale 2016}) 13. dxc6 bxc6 14. Qb3 Be6 15. c4 (15. Qc2 $1 $14) 15... g5 16. Bg3 g4 17. h3 h5 $1 18. hxg4 hxg4 19. Rh5 Bg7 20. Rd1 Qc8 21. Qc2 Qa6 22. Kf1 {[#] Strongly threatening c5.} Qa4 23. Qh7 Kf8 24. Qd3 Bf6 {[%cal Re6c4]} 25. Rh7 {Threatening mate with Qd8+!} Ke8 (25... c5 $15) 26. Bc7 $1 $40 {[%mdl 128] Intending Qd8+! and mate. White is up to no good.} Nd7 27. Rh5 Rc8 28. Ra5 Qxc4 $2 {[%mdl 8192] [#]} (28... Qb4 $1 $11 {and Black stays safe.} 29. Rxa7 Rh8) 29. Qb1 $1 $18 {[%cal Rb1b7]} ({Weaker is} 29. Qxc4 Bxc4 30. Rxa7 (30. Bxc4 Rxc7 31. Ne2 e6 $15) 30... Bxe2+ 31. Nxe2 Rg5 $14) 29... Rxc7 30. Bxc4 Bxc4+ {[%mdl 32768] Accuracy: White = 64%, Black = 84%. . An unexpected result.} 1/2-1/2

[Event "II Duchamp Open 2018"]
[Site "Rio de Janeiro"]
[Date "2018.11.19"]
[Round "8"]
[White "Rodi, Luis Ernesto"]
[Black "Matsuura, Everaldo"]
[Result "1-0"]
[WhiteElo "2327"]
[BlackElo "2476"]
[Annotator "TA"]
[PlyCount "79"]
[EventDate "2018.11.14"]
[EventType "swiss"]
[EventCountry "BRA"]
[SourceTitle "playchess.com"]
[Source "ChessBase"]
[SourceQuality "1"]

{[%evp 15,79,17,27,0,7,-32,-22,-13,-45,-44,0,0,0,-113,-107,-119,-114,-114,-121,-120,-57,-317,-312,-387,-386,-390,-359,-350,-240,-246,-245,-555,-331,-928,-929,-29993,-418,-377,-330,-668,-667,-870,-914,-851,-810,-2377,33,31,33,33,159,-662,-687,-1995,-1964,-964,147,-1293,-1160,-1013,-295,-3058,-585,-462,633,630]} 1. e4 c5 2. Nf3 Nc6 3. Bb5 e6 4. Bxc6 bxc6 5. b3 Ne7 6. Bb2 {B30: Sicilian: 2...Nc6 3 Bb5, lines without ...g6} Qc7 (6... Ng6 7. h4 h5 8. d3 f6 9. e5 d5 10. exd6 Bxd6 11. Nfd2 e5 12. Nc4 Be7 13. Nc3 Be6 {0-1 (39) Adams,M (2745)-Nakamura,H (2775) London 2014}) 7. O-O Ng6 8. e5 Be7 {LiveBook: 4 Games} 9. Re1 O-O 10. c3 $146 ({Predecessor:} 10. d3 f6 11. Nbd2 fxe5 12. Nxe5 Nxe5 13. Bxe5 d6 14. Bg3 e5 15. c3 Bf5 16. Nc4 Rae8 17. Qd2 Bf6 18. d4 cxd4 19. cxd4 {1-0 (56) Escobar Medina,A (2132)-Ruiz,A (2192) Bogota 2014}) 10... f6 {[%cal Rf6e5]} 11. d4 cxd4 12. cxd4 Bb7 13. Nbd2 fxe5 14. dxe5 (14. Nxe5 $11 {was the only way to keep the balance.} c5 15. Rc1) 14... c5 15. Re3 Rf5 16. Rc1 Raf8 17. Ne4 Nf4 (17... Bd5 $17) 18. Nfd2 $2 {[%mdl 8192] [#]} (18. Ne1 $15) 18... Nxg2 $1 $19 {[%mdl 512]} 19. Kxg2 Rxf2+ $1 20. Kg1 Bxe4 $1 21. Rxe4 Qc6 22. Rg4 {With the idea Bd4!} h5 $1 {[%cal Rh5g4][%mdl 1024] Black has strong compensation.} 23. Rg6 $2 (23. Bd4 {was the crucial defense.} Rxd2 24. Qxd2 hxg4 25. Bf2) 23... Qd5 24. Nc4 $2 (24. Nf3 Rxb2 25. Qxd5 exd5 26. Rg2 Rxg2+ 27. Kxg2) 24... Qe4 $1 {[%cal Re4g6]} 25. Rg3 h4 (25... Qh4 $142 26. Qxh5 Qxh5 27. h3 Qh4 28. Rcc3 Rf1+ 29. Kh2 R8f2+ 30. Rg2 Rxg2+ 31. Kxg2 Qf2#) 26. Qg4 {[%csl Gg3][%cal Rg4g7]} Qh7 $1 27. Rg2 $2 (27. Re3 R8f4 28. Qh3 Qg6+ 29. Kh1) 27... R8f4 28. Qg6 {Strongly threatening Qxh7+.} Rxg2+ $1 29. Qxg2 h3 $1 {[%cal Rh3g2]} 30. Qe2 Re4 $2 (30... Bh4 $19 31. Kh1 Rf2) 31. Qf3 $14 {And now Bc3 would win.} Bg5 32. Rf1 $1 {[%csl Gf1][%cal Rf3f8]} Qg6 ({Black should try} 32... Qh4 $1 $14) 33. Kh1 $2 (33. Qxh3 $16 Bc1+ 34. Kh1 Bxb2 35. Rg1 (35. Nxb2 Rxe5 36. Nc4 Rh5 $16)) 33... Rf4 $1 $19 {[%cal Rf4f3]} 34. Qa8+ Kh7 {[%cal Rf4f1]} 35. Rg1 Qf5 $2 ({Black should play} 35... Qc2 $19 {( -> ...Rf2)} 36. Nd6 Qxb2) 36. Ne3 $2 {[%mdl 8192]} (36. Nd6 $16 Qd3 37. Bc1) 36... Qd3 $1 37. Bc1 Bh4 $2 (37... Rf2 38. Nd1 Rf8) 38. Ng4 $2 {[#]} (38. Ng2 hxg2+ 39. Qxg2) 38... Re4 (38... Rf8 $142 $3 {[%mdl 512]} 39. Qb7 (39. Qxf8 Qe4+) 39... Rb8 $1 {[%mdl 512]}) 39. Be3 Bg5 $4 {[%mdl 8192]} (39... Rxe3 $19 40. Nf6+ Bxf6 41. exf6 {[#]} Re1 $1 {[%mdl 512]}) 40. Nf2 {Precision: White = 24%, Black = 52%.} 1-0

[Event "II Duchamp Open 2018"]
[Site "Rio de Janeiro"]
[Date "2018.11.19"]
[Round "8"]
[White "Guimaraes, Diogo Duarte"]
[Black "Lebredo Zaragoitia, Gerardo"]
[Result "1-0"]
[WhiteElo "2272"]
[BlackElo "2139"]
[Annotator "TA"]
[PlyCount "87"]
[EventDate "2018.11.14"]
[EventType "swiss"]
[EventCountry "BRA"]
[SourceTitle "playchess.com"]
[Source "ChessBase"]
[SourceQuality "1"]

{[%evp 20,87,0,1,7,11,10,-10,-16,-5,-15,-14,7,-195,-191,-189,-187,-185,-180,-252,-252,-247,-199,-298,-235,-236,-237,-237,-245,-265,-270,-259,-266,-268,-271,-315,-291,-383,-385,-377,-297,-283,-259,-294,-281,-300,-295,-254,622,613,801,773,860,553,546,540,783,533,5306,5306,5173,676,683,450,29983,29984,29984,664,29985,29986]} 1. e4 c5 2. Nf3 e6 3. g3 Nc6 4. Bg2 Nf6 5. Nc3 d6 6. O-O a6 7. Re1 {B40: Sicilian: 2...e6, Unusual lines} (7. d4 cxd4 8. Nxd4 Bd7 9. Nxc6 Bxc6 10. a4 Be7 11. a5 O-O 12. Be3 Rc8 13. Re1 Nd7 14. Na4 f5 15. Nb6 Nxb6 16. Bxb6 Qd7 17. c4 e5 18. exf5 Qxf5 19. Bd5+ Kh8 20. Ra3 Rf6 21. Rf3 Qxf3 22. Bxf3 Rxf3 {½-½ (37) Safarli,E (2657)-Andreikin,D (2720) Berlin 2015}) 7... Be7 8. d3 O-O 9. e5 dxe5 10. Nxe5 Nxe5 11. Rxe5 {LiveBook: 3 Games} Rb8 12. a4 b6 13. Bg5 $146 ({Predecessor:} 13. Re1 Bb7 14. Bxb7 Rxb7 15. Qf3 Rd7 16. Be3 {1-0 (43) Drakopoulos,P-Papadopoulos,A Chalkida 2008}) 13... Bb7 14. Bxb7 Rxb7 15. Qf3 Rc7 {...Nd7 is the strong threat.} 16. Rae1 $2 (16. Re2 $11 {and White has nothing to worry.}) 16... Nd7 $19 17. Bf4 Nxe5 18. Bxe5 Bd6 19. Qg4 (19. Bf4 {was called for.}) 19... Bxe5 20. Rxe5 Qd4 21. Qe2 (21. Re4 {was the only defense.} Qd6 22. Qf3) 21... c4 22. Re4 cxd3 23. cxd3 Qd7 24. Rb4 Qd6 25. Rh4 Rd8 26. d4 a5 27. Qh5 h6 28. Rg4 {Now Qxh6 and White clings on.} f5 29. Rg6 Qxd4 30. Rxe6 Rf8 31. Qf3 f4 {Hoping for ...fxg3.} 32. g4 Rd7 33. Kg2 Rd6 $4 {[%mdl 8192]} (33... Qd2 $19 34. Rxb6 Rd3) 34. Nb5 $1 $18 {[%csl LRd4,LRd6][%mdl 64] [#] Double Attack} Qxa4 35. Nxd6 Qb4 36. Qd5 {Threatening mate with Rxh6+.} f3+ 37. Kh3 Kh8 38. Re4 Qxb2 39. Nf7+ Kh7 40. Qf5+ (40. g5 $142 h5 {[#]} 41. g6+ $1 {[%mdl 576] Discovered Attack, Decoy} Kxg6 42. Re6+ {[%mdl 64] Discovered Attack} Qf6 43. Rxf6+ Kxf6 44. Nd6) 40... Kg8 41. Re7 {Nxh6+! would kill now.} Qf6 (41... Qc1 $18) 42. Qxf6 {[%mdl 64] Overworked Piece} gxf6 43. Nxh6+ Kh8 44. Kh4 {Accuracy: White = 48%, Black = 54%.} 1-0

[Event "II Duchamp Open 2018"]
[Site "Rio de Janeiro"]
[Date "2018.11.19"]
[Round "8"]
[White "Teixeira, Ricardo Da Silva"]
[Black "Chaves, Jorge Antonio Torre"]
[Result "1-0"]
[WhiteElo "2239"]
[BlackElo "1922"]
[Annotator "TA"]
[PlyCount "89"]
[EventDate "2018.11.14"]
[EventType "swiss"]
[EventCountry "BRA"]
[SourceTitle "playchess.com"]
[Source "ChessBase"]
[SourceQuality "1"]

{[%evp 21,89,56,95,56,51,53,51,50,78,75,99,100,111,110,108,84,111,106,128,124,137,159,166,166,154,165,176,131,171,140,345,344,362,361,504,510,508,494,498,489,662,649,756,763,719,735,734,722,679,456,768,789,709,581,918,795,2597,2541,29962,6041,29974,11424,29975,29972,29973,29963,29984,29985,29995,29995]} 1. Nf3 Nf6 2. c4 c5 3. Nc3 Nc6 4. d4 cxd4 5. Nxd4 g6 6. e4 d6 7. Be2 Bg7 8. Be3 O-O 9. O-O Nxd4 10. Bxd4 Be6 11. Rc1 Qa5 12. a3 {B38: Sicilian: Maroczy Bind with 5...Bg7 and 7...0-0} (12. b3 a6 13. Qd3 Nd7 14. Bxg7 Kxg7 15. Qd2 Nf6 16. Qb2 Qe5 17. f3 g5 18. Kh1 Rg8 19. Bd3 Kh8 20. Na4 Qxb2 21. Nxb2 {½-½ (46) Stocek,J (2568)-Voloshin,L (2370) Ostrava 2018}) 12... Rfc8 13. Nd5 Qd8 $146 ({Predecessor:} 13... Bxd5 14. exd5 Qd8 15. Re1 Qd7 16. Bxf6 exf6 17. Bf1 f5 18. Qd2 Re8 19. b4 b6 20. Rxe8+ Rxe8 {½-½ (52) Diaz,M-Oney,F (2005) Yerevan 1996}) 14. Nxf6+ {White is slightly better.} exf6 15. Qd2 Rc6 16. Rfd1 b6 17. b3 Rac8 18. Bc3 Qf8 19. a4 a5 20. f4 Rd8 21. Bf3 Rcc8 22. Bd4 Rb8 23. Qf2 Rdc8 24. g4 Bh6 25. Qg3 b5 $2 (25... Qe7 $16 26. Bb2 Rd8) 26. axb5 $18 a4 27. bxa4 Bxc4 28. g5 fxg5 29. fxg5 Bg7 30. Bxg7 Qxg7 31. Qxd6 Bb3 32. Rxc8+ Rxc8 {[#]} 33. Qd8+ $3 {[%mdl 512]} Qf8 (33... Rxd8 34. Rxd8+) 34. Qxf8+ Kxf8 {[%mdl 4096] Endgame KRB-KRB} 35. Rd4 Rc1+ (35... Rb8 $142 36. Be2 Ra8) 36. Kf2 Rc2+ 37. Kg3 Ke7 38. b6 {Black must now prevent b7.} Rc8 39. b7 Rb8 40. e5 Ke6 41. a5 {[%cal Ba4a5,Ba5a6,Ba6a7][%mdl 32] Intending a6 and mate.} Kxe5 {[#]} 42. a6 $1 {[%mdl 512] White mates.} Kxd4 43. a7 Re8 44. b8=Q Re3 45. Qb6+ {Accuracy: White = 82%, Black = 36%.} 1-0

[Event "II Duchamp Open 2018"]
[Site "Rio de Janeiro"]
[Date "2018.11.19"]
[Round "8"]
[White "Barreto, Ignacio C. De Barro"]
[Black "Rodriguez Vila, Andres"]
[Result "0-1"]
[WhiteElo "2222"]
[BlackElo "2482"]
[Annotator "TA"]
[PlyCount "82"]
[EventDate "2018.11.14"]
[EventType "swiss"]
[EventCountry "BRA"]
[SourceTitle "playchess.com"]
[Source "ChessBase"]
[SourceQuality "1"]

{[%evp 21,82,-10,-3,-25,25,0,22,0,11,0,0,0,0,-10,4,-14,-20,-52,-49,-59,-58,-97,-90,-99,-98,-84,-94,-162,-175,-162,-160,-135,-101,-105,-83,-90,-73,-133,-77,-42,-69,-113,-63,-68,-61,-68,-60,-99,-102,-104,-48,-41,-41,-39,-41,-93,-96,-224,-218,-275,-247,-337,-346]} 1. d4 e6 2. Nf3 c5 3. g3 cxd4 4. Nxd4 d5 5. Bg2 Nc6 6. O-O Qb6 7. Nb3 Nf6 8. Nc3 Be7 {A46: 1 d4 Nf6 2 Nf3 e6: Torre, London and Colle Systems} 9. Be3 Qd8 10. Bc5 Bxc5 11. Nxc5 O-O {LiveBook: 4 Games} 12. Nd3 $146 ({Predecessor:} 12. Nb3 Qb6 13. a4 Rd8 14. a5 Qc7 15. Qd2 e5 16. Rfd1 {1-0 (58) Fomichenko,E (2385)-Almeida Quintana,O (2475) Banyoles 2006}) 12... d4 13. Ne4 Nd5 14. c4 dxc3 $1 15. Nxc3 Nxc3 16. bxc3 Qc7 17. Qa4 Na5 18. Rab1 Rb8 19. Rb5 b6 {Threatens to win with ...Bd7.} 20. Rh5 g6 21. Qh4 {[#]} f6 $1 ({Much weaker is} 21... gxh5 $6 22. Qg5+ Kh8 23. Qf6+ Kg8 24. Qg5+ Kh8 25. Qf6+ Kg8 26. Qg5+ $11) 22. Rh6 Qg7 23. g4 Bb7 24. f4 (24. g5 $17 fxg5 25. Qxg5) 24... Nc4 $19 {aiming for ...Bxg2.} 25. Bxb7 Rxb7 ({Much less strong is} 25... Qxb7 26. Rf3 $15) 26. Rf3 f5 27. Rh3 fxg4 28. Qxg4 Qf6 29. e4 (29. Qh4 $142) 29... Rff7 ({Better is} 29... Nd2 30. e5 Qf5 31. Qxf5 Rxf5) 30. e5 $17 Qf5 $1 {[%cal Rf5g4]} 31. R6h4 Rbd7 (31... Rfd7 {feels hotter.} 32. Qe2 Rbc7 33. Rg3 Kh8 34. Rhh3 b5) 32. Qxf5 $1 Rxf5 33. Nf2 g5 $36 {[%mdl 2048] Black has some pressure.} 34. fxg5 Rxg5+ 35. Rg4 Rd1+ (35... Rg6 $17 36. Rxg6+ hxg6) 36. Kg2 $1 $15 Rxg4+ 37. Nxg4 Rd2+ 38. Kg3 ({White should try} 38. Kf3 $15) 38... Kg7 $17 39. Kh4 (39. Kf4 $17) 39... Rxa2 $19 40. Rf3 Re2 41. Rf6 Nxe5 {Accuracy: White = 35%, Black = 58%.} 0-1

[Event "II Duchamp Open 2018"]
[Site "Rio de Janeiro"]
[Date "2018.11.19"]
[Round "8"]
[White "Viana, Dirceu"]
[Black "Almeida, Gianluca Jorio"]
[Result "1-0"]
[WhiteElo "2201"]
[BlackElo "2109"]
[Annotator "TA"]
[PlyCount "115"]
[EventDate "2018.11.14"]
[EventType "swiss"]
[EventCountry "BRA"]
[SourceTitle "playchess.com"]
[Source "ChessBase"]
[SourceQuality "1"]

{[%evp 26,115,-7,-6,0,0,12,10,10,11,37,-221,53,55,129,129,124,135,129,127,129,120,156,152,214,196,220,220,243,216,246,240,247,234,269,288,339,339,349,341,325,285,331,279,278,278,277,273,256,238,323,322,422,408,400,408,410,403,418,418,414,404,544,507,554,542,472,451,468,371,763,719,624,626,1362,1261,1176,999,2079,1997,1912,1789,29970,29970,29961,12279,6597,5206,6563,6460,4627,2451]} 1. c4 Nf6 2. Nc3 e6 3. Nf3 d5 4. e3 c5 5. cxd5 exd5 6. d4 Nc6 7. Be2 Be7 8. O-O O-O 9. dxc5 Bxc5 10. b3 a6 11. Bb2 Re8 12. Rc1 Ba7 13. Qd3 {D32: Tarrasch Defence: Sidelines and lines without g3} Be6 14. Rfd1 {[#] LiveBook: 4 Games} Qd7 $146 ({Predecessor:} 14... Qe7 15. Na4 Ne4 16. Nd4 Bd7 17. Nc2 Rad8 18. Bf3 Ne5 19. Bxe5 Bb5 20. Qxd5 Rxd5 21. Rxd5 Bc6 22. Ra5 Qd8 {0-1 (22) Jorczik,J (2316)-Gashimov,V (2644) Dresden 2007}) 15. Na4 {The position is equal.} Ne4 {[#] Threatens to win with ...Nb4.} 16. Ne5 Nxe5 17. Bxe5 Qd8 18. f3 $2 {[%mdl 8192] [#]} (18. Bd4 $14 {keeps the upper hand.}) 18... Qg5 $2 ({Black should try} 18... Bf5 $1 $19 19. fxe4 Rxe5) 19. Bd4 $36 {[%mdl 2048] Black is under pressure.} Bf5 (19... Bxd4 $14 20. Qxd4 Nd6) 20. Bxa7 $16 Ng3 21. Qd2 Nxe2+ 22. Qxe2 Rxa7 23. Rxd5 {Hoping for g4.} b5 24. Nc5 {And now Ne4! would win.} Rae7 (24... Qf6 $16 {was worth a try.} 25. Rcd1 h6) 25. Rcd1 ({Stronger than} 25. Nxa6 Rxe3 26. Qd2 Qe7 $11) 25... g6 26. e4 {Qf2 is the strong threat.} ({Resist} 26. Nxa6 $6 Rxe3 27. Qd2 Qf6 $14) 26... Qf6 27. Qd2 Be6 28. Rd6 Qe5 29. Qd4 Qg5 30. Nxa6 Bh3 {[%csl Gh3][%cal Rg5g2]} 31. Qd2 Qxd2 32. R1xd2 ({Don't do} 32. R6xd2 Be6 $18) 32... Be6 33. Nc5 Ra7 34. Nxe6 Rxe6 35. Rxe6 fxe6 $18 {[%mdl 4096] Endgame KR-KR} 36. Kf2 Kf7 37. Ke3 e5 38. Kd3 Rc7 39. Rc2 Rd7+ 40. Kc3 Rc7+ 41. Kb2 Rd7 42. Ka3 Rd4 43. Rc7+ Kf6 44. Rxh7 b4+ 45. Ka4 Rd2 46. Kxb4 Rxa2 47. Kc5 Rxg2 $2 (47... Rc2+ 48. Kb5 Rxg2) 48. b4 {[%cal Bb3b4,Bb4b5,Bb5b6,Bb6b7][%mdl 32]} Rc2+ 49. Kb6 Kg5 50. b5 Kf4 51. Rf7+ Ke3 52. h4 Rh2 53. Kc7 Rxh4 54. b6 Rh1 55. b7 Rc1+ {White is clearly winning.} 56. Kd6 Rb1 57. Kxe5 g5 58. Kd5 {Accuracy: White = 73%, Black = 25%.} 1-0

[Event "II Duchamp Open 2018"]
[Site "Rio de Janeiro"]
[Date "2018.11.19"]
[Round "8"]
[White "Souza, Wellington"]
[Black "Dos Santos, Vitor Eduardo Mello"]
[Result "1-0"]
[WhiteElo "2120"]
[BlackElo "2054"]
[Annotator "TA"]
[PlyCount "66"]
[EventDate "2018.11.14"]
[EventType "swiss"]
[EventCountry "BRA"]
[SourceTitle "playchess.com"]
[Source "ChessBase"]
[SourceQuality "1"]

{[%evp 21,66,6,15,-8,-3,-16,0,-38,-9,-9,-9,-36,-19,-60,-14,-231,17,-24,-11,-16,0,-14,-8,-72,537,345,339,348,338,345,345,348,347,349,339,351,352,311,382,374,462,462,446,439,439,386,386]} 1. d4 Nf6 2. c4 c5 3. e3 cxd4 4. exd4 d5 5. Nc3 Nc6 6. cxd5 Nxd5 7. Bc4 e6 8. Nf3 Nb6 9. Be2 Be7 10. O-O O-O 11. Be3 Nd5 12. Nxd5 {B22: Sicilian: 2 c3} (12. Rc1 Bf6 13. Ne4 Be7 14. Nc5 Nb8 15. Bd3 b6 16. Ne4 Bb7 17. Bb1 Nd7 18. a3 N7f6 19. Qd3 Nxe4 20. Qxe4 {½-½ (84) Moser,E (2440)-Pergel,L (2277) Oberwart 2010}) 12... Qxd5 13. Qc2 Bd7 $146 ({Predecessor:} 13... Bf6 14. Bc4 Qh5 15. Qe4 Qg6 16. Qf4 Ne7 17. Nh4 Qh5 18. Nf3 Qf5 19. Rac1 Rd8 {½-½ (45) Bishop,J (1333)-Chen,P (1721) Sandy Bay 2010}) 14. Rfd1 {The position is equal.} Rfd8 (14... Nb4 $5 {[%cal Rb4c2]} 15. Qd2 Rac8 $15) 15. a3 Rac8 16. Qd3 a6 17. b4 h6 18. Nd2 $2 {[#]} (18. Qb1 $11 {and White is okay.}) 18... Be8 $2 (18... Nxb4 $1 $19 {[%mdl 512]} 19. Qb1 (19. axb4 Bb5) 19... Nc2 {[%mdl 64] Double Attack}) 19. Bf3 Qd7 {[%cal Rc6d4]} 20. Nc4 {And now Nb6 would win.} Qc7 $1 21. Rac1 b5 22. Na5 {[#]} (22. Nd2 $11 {keeps the balance.}) 22... Qb6 $2 {[%mdl 8192]} (22... Nxd4 $1 $17 {[%mdl 512]} 23. Rxc7 (23. Bxd4 $2 Qxc1 24. Rxc1 Rxc1+ 25. Bd1 Bf6 $19) 23... Nxf3+ {[%mdl 64] Discovered Attack} 24. gxf3 Rxd3 25. Rxc8 Rxd1+ 26. Kg2 Rd8) 23. Nxc6 ({And not} 23. d5 Qb8 $11) 23... Bxc6 24. Bxc6 Rxc6 {[#]} 25. d5 $1 Rxd5 26. Qxd5 exd5 27. Bxb6 Rxb6 28. Rxd5 $18 {[%mdl 4096] Endgame KRR-KRB} Bf6 29. g3 Kh7 30. Rc2 Rb7 31. Rc6 Ra7 32. Rdd6 a5 33. bxa5 Rxa5 {Accuracy: White = 44%, Black = 29%.} 1-0